Monarchy and Three political letters / (Record no. 40836)
[ view plain ]
| 000 -LEADER | |
|---|---|
| fixed length control field | 01237nam a2200313 a 4500 |
| 001 - CONTROL NUMBER | |
| control field | 40836 |
| 003 - CONTROL NUMBER IDENTIFIER | |
| rucl marc code | BD-RJUL |
| 005 - DATE AND TIME OF LATEST TRANSACTION | |
| control field | 20211209053302.0 |
| 008 - FIXED-LENGTH DATA ELEMENTS--GENERAL INFORMATION | |
| fixed length control field | 160510s1954 enk b 000 0 eng |
| 035 ## - SYSTEM CONTROL NUMBER | |
| System control number | BD-RJUL 40951 |
| 040 ## - CATALOGING SOURCE | |
| Original cataloging agency | DLC |
| Transcribing agency | ITD |
| Modifying agency | m.c |
| -- | BD-RJUL |
| Language of cataloging | eng |
| 041 ## - LANGUAGE CODE | |
| Language code of text/sound track or separate title | eng |
| 082 ## - DEWEY DECIMAL CLASSIFICATION NUMBER | |
| Edition number | 23 |
| Classification number | 320.01 |
| Author mark and year | DAM 1954 |
| 100 0# - MAIN ENTRY--PERSONAL NAME | |
| Personal name | Dante Alighieri, |
| Dates associated with a name | 1265-1321. |
| 9 (RLIN) | 125658 |
| 245 10 - TITLE STATEMENT | |
| Title | Monarchy and Three political letters / |
| Statement of responsibility, etc. | with an introduction by Donald Nicholl ... and a note on the chronology of Dante's political works by Colin Hardie |
| 260 ## - PUBLICATION, DISTRIBUTION, ETC. (IMPRINT) | |
| Place of publication, distribution, etc. | London : |
| Name of publisher, distributor, etc. | Weidenfeld & Nicolson, |
| Date of publication, distribution, etc. | 1954 |
| 300 ## - PHYSICAL DESCRIPTION | |
| Pagination | xxi, 121 p. ; |
| Size | 19 cm. |
| 500 ## - GENERAL NOTE | |
| General note | Monarchy, translated by D. Nicholl ; Three political letters, translated by C. Hardie |
| 504 ## - BIBLIOGRAPHY, ETC. NOTE | |
| Bibliography, etc | Bibliography: p. [xx]-xxi |
| 650 #0 - SUBJECT ADDED ENTRY--TOPICAL TERM | |
| Topical term or geographic name as entry element | Church and state |
| Geographic subdivision | Italy. |
| 9 (RLIN) | 125659 |
| Topical term or geographic name as entry element | Political science |
| Geographic subdivision | Italy |
| Form subdivision | Early works to 1800. |
| 9 (RLIN) | 125660 |
| 651 #0 - SUBJECT ADDED ENTRY--GEOGRAPHIC NAME | |
| Geographic name | Italy |
| General subdivision | Politics and government |
| Chronological subdivision | 1268-1559. |
| 9 (RLIN) | 125661 |
| 700 1# - ADDED ENTRY--PERSONAL NAME | |
| Personal name | Nicholl, Donald, |
| Dates associated with a name | 1923- |
| Personal name | Hardie, Colin, |
| Dates associated with a name | 1906- |
| Personal name | Dante Alighieri, |
| Dates associated with a name | 1265-1321. |
| 830 #0 - SERIES ADDED ENTRY--UNIFORM TITLE | |
| Uniform title | Library of ideas |
| 942 ## - ADDED ENTRY ELEMENTS (KOHA) | |
| Source of classification or shelving scheme | Dewey Decimal Classification |
| Koha item type | Books |
| Lost status | Source of classification or shelving scheme | Damaged status | Not for loan | Collection code | Permanent Location | Current Location | Shelving location | Date acquired | Source of acquisition | Cost, normal purchase price | Total Checkouts | Full call number | Date last seen | Copy number | Koha item type |
|---|---|---|---|---|---|---|---|---|---|---|---|---|---|---|---|
| Dewey Decimal Classification | Not For Loan | Non-fiction | Central Library, University of Rajshahi | Central Library, University of Rajshahi | Reading Room | 11/12/1965 | Zeit | 4.00 | 320.01 DAM 1954 | 10/05/2016 | C-1 | Books |